Opciones del desarrollo y la integración en América Latina

محفوظ في:
التفاصيل البيبلوغرافية
المؤلف الرئيسي: Martner, Gonzalo Daniel
التنسيق: نص
منشور في: s.l.: s.e.
الوسوم: إضافة وسم
لا توجد وسوم, كن أول من يضع وسما على هذه التسجيلة!

MARC

LEADER 00000 a a2200000 04500
001 23731
003
040
090 |a 167200  
100 |a Martner, Gonzalo Daniel  
245 |a Opciones del desarrollo y la integración en América Latina  
260 |a s.l.:   |b s.e.  
300 |a 24 p.  
999 |c 10597  |d 10597